| 000 | 00939nam a2200277 i 4500 | ||
|---|---|---|---|
| 001 | bg | ||
| 003 | KOSZ 005 | ||
| 005 | 20221128095433.0 | ||
| 008 | 070620s1969 pl a g 000 0 pol | ||
| 015 | _aPB 1969/6481 | ||
| 040 |
_aWA N _cKOSZ 005/RW _dKOSZ 005/RW |
||
| 080 | _a378:001.81 | ||
| 100 | 1 |
_aŚwięcicki, Maciej _d(1913-1971) _eAutor |
|
| 245 | 1 | 0 |
_aJak studiować? : _bjak pisać pracę magisterską / _cMaciej Święcicki. |
| 260 |
_aWarszawa : _bPaństwowe Wydawnictwo Naukowe, _c1969. |
||
| 300 |
_a214, [2] s. : _bil. ; _c18 cm. |
||
| 380 | _aKsiążki. | ||
| 504 | _aBibliogr. s. 211-[212]. | ||
| 655 | 4 | _aPoradnik | |
| 650 | 4 | _aUczenie się | |
| 650 | 4 | _aPraca dyplomowa | |
| 650 | 4 | _aPraca umysłowa | |
| 710 | 2 |
_aPaństwowe Wydawnictwo Naukowe _4pbl. |
|
| 856 |
_uhttp://koha.tu.koszalin.pl/cgi-bin/koha/opac-detail.pl?biblionumber=8338 _yKatalog online BPK |
||
| 942 |
_2UKD _cKS |
||
| 999 |
_c8338 _d8338 |
||